00755nam a2200217Ia 4500008004100000082002600041100003000067245005900097260002400156260000900180260000900189300000900198500004300207650001900250650002500269650003300294650003700327942001500364999001700379952014100396260312s9999 xx 000 0 und d a342.43 R426l 2006 HNA aEditorial Porrúa935155 0aLey fundamental de la República Federal de Alemania. aDeutscher Bundestag bs.l. c2006 a97p. aColección Humberto Nogueira Alcalá aAlemania92071 aConstitución92299 aDerecho constitucional91698 aRepública Popular China935156 2ddccLIBRO c19978d19978 00102ddc40708CGaBCbBCd2025-08-30eDonación Humberto Nogueiral0o342.43 R426l 2006 HNAp27410r2026-04-15t1w2026-04-15yLIBRO